1583 1880 1736 1979 1596 1821 1475 1395 1363 1156 1132 1911 1360 1826 1055 1033 1268 1967 1053 1250 1813 1063 1739 1189 1193 1731 1370 1241 1047 1074 1829 1742 1021 1102 1653 1726 1423 1753 1246 1265 1288 1767 1637 1389 1075 1788 1572 1001 1237 1670 1455 1354 1183 1040 1048 1871 1300 1996 1645 1623 1849 1624 1940 1014 1728 1066 1078 1061 1527 1692 1406 1913 1199 1645 1291 1565 1679 1560 1813 1796 1258 1725 1282 1599 1888 1385 1854 1001 1204 1898 1915 1636 1650 1211 1771 1004 1869 1366 1516 BCNSPRNW ULIB Ver.6.0+V

เปลี่ยนเป็นภาษาไทย

Change to English
 แสดงรายละเอียดบรรณานุกรม
  กลับหน้าหลัก

Brief Record : Get Marc (ISO 2709) : E-mail record : QR code < ปิดหน้าต่าง
LEADER : 00000nam 2200000uu 4500
001    13399111707
003     ULIB
008    110706s2550||||th 000 0 tha d
020    9789749997987
050 04 BQ5630.S16^bส773ห 2550
100 0  สุทธิชัย หยุ่น
245 10 หินก้อนที่ 5 :^bประสบการณ์ภาวนาปลด ขันธ์ห้า กับ ติช นัท ฮันห์ /^cสุทธิชัย หยุ่น และสังฆะเครือเนชั่น
250    พิมพ์ครั้งที่ 1
260    กรุงเทพฯ :^bบริษัทเนชั่นมัลติมีเดีย กรุ๊ป,^c2550
300    197 หน้า :^bภาพประกอบ ;^c19 ซม. +^eซีดี-รอม 1 แผ่น (4 3/4)
500    พร้อม วีซีดี "ชีพจรโลกกับสุทธิชัย หยุ่น" ตอน "ติช นัท ฮันห์"
500    เขียนขึ้นจากการเข้าศึกษาภาวนา สู่ศานติ สมานฉันห์ เมื่อ พ.ค. 2550โดยสุทธิชัย หยุ่น และนักข่าว 5 คน ได้รวบรวมบทสัมภาษณ์หลวงปู่นัท ฮันห์ หลวงแม่เจิงคอม และนักบวชหลายรูปจากหมู่บ้านพลัม (จากคำนำของสำนักพิมพ์)
650  7 ขันธ์ 5
650  7 การปฏิบัติธรรม
700 0  นัท ฮันห์,^cติช
700 0  เจิงคอม,^cภิกษุณี
700 0  สุทธิชัย หยุ่น.^tชีพจรโลกกับสุทธิชัย ยุ่น ตอน "ติช นัท ฮันห์"^h[Video recording]
945    ^p235^l0^i022286
995    ทศพร
999 ^a ใช้งานได้ทุกระบบ
รายการนี้ยังไม่มีแท็ก
คุณยังไม่ได้ล็อกอิน คุณสามารถมีกิจกรรมร่วมกับเว็บไซต์ได้ แต่ต้องล็อกอินก่อน ::
  ล็อกอิน

รายการสื่อสารสนเทศ

ลำดับที่ ประเภท เลขเรียก/บาร์โค้ด สถานที่ สถานะ
- ไม่พบข้อมูล -

รายการใกล้เคียง
    หัวเรื่อง [ขันธ์ 5]
    หัวเรื่อง [การปฏิบัติธรรม]

BibComment


ยังไม่เคยถูกคอมเมนท์

คอมเมนท์ทรัพยากรรายการนี้
  คอมเมนท์: หินก้อนที่ 5 ประ..


 Copyright 2026. Bcnsprnw @Library